000 00333nam a2200121Ia 4500
008 151001s9999||||xx |||||||||||||| ||und||
100 _aAsthon Helen
245 _aYeomans Hospital
260 _bcollins 48 pall Mall
260 _c1944
300 _a226
365 _b8
999 _c949999
_d949996